Impérium
Enregistré dans:
| Auteur principal: | |
|---|---|
| Format: | Livre |
| Langue: | slovaque |
| Publié: |
Krásno nad Kysucou
Absynt
2016
|
| Collection: | Prekliati reportéri
|
| Sujets: | |
| Tags: |
Pas de tags, Soyez le premier à ajouter un tag!
|
MARC
| LEADER | 00000nam a2200000 4500 | ||
|---|---|---|---|
| 001 | 0219552 | ||
| 005 | 20231215114611.5 | ||
| 020 | |a 978-80-971823-7-3 | ||
| 041 | 0 | |a slo | |
| 044 | |a SK | ||
| 245 | 1 | 0 | |a Impérium |c Ryszard Kapuściński |
| 264 | 1 | |a Krásno nad Kysucou |b Absynt |c 2016 | |
| 300 | |a 318 s. | ||
| 490 | 1 | |a Prekliati reportéri | |
| 830 | 0 | |a Prekliati reportéri | |
| 610 | 2 | 0 | |a spoločnosť |
| 610 | 2 | 0 | |a politika vnútorná |
| 610 | 2 | 0 | |a nacionalizmus |
| 610 | 2 | 0 | |a fundamentalizmus |
| 610 | 2 | 0 | |a Rusko |
| 610 | 2 | 0 | |a stredná Ázia |
| 100 | 1 | |a Kapuściński, Ryszard | |